000 00403nam a2200157 a 4500
001 28276
005 20180713231130.0
008 140415s2002 mx 000 0 spa d
020 _a9701038223
041 _aspa
082 _a658.4094
_bMAD
100 1 _aE. MADRIGAL TORRES, BERTA
245 1 0 _aHABILIDADES DIRECTIVAS
250 _a1a ed.
260 _aMEXICO :
_bMC GRAW HILL,
_c2002
999 _c28276
_d28276